| 000 | 00372nam a2200145Ia 4500 | ||
|---|---|---|---|
| 008 | 210210b1978 xxu||||| |||| 00| 0 eng d | ||
| 082 | _a821.8 GITY | ||
| 100 | _aGITTINGS (Robert). | ||
| 245 | _aYoung Thomas Hardy. | ||
| 260 |
_aN Y _bPenguin Books _c1978 |
||
| 300 | _a368 | ||
| 650 | _aThomas Hardy Criticism Biography | ||
| 690 | _aEnglish Poetry | ||
| 906 | _aSG01218 | ||
| 999 |
_c112906 _d112906 |
||